Rubens

Kaydedildi:
Detaylı Bibliyografya
Yazar: Lucie-Smith, Edward (autor)
Materyal Türü: Kitap
Dil:İngilizce
Baskı/Yayın Bilgisi: Londres Spring Books 1961
Edisyon:1a. ed
Seri Bilgileri:Spring Art Books
Konular:
Etiketler: Etiketle
Etiket eklenmemiş, İlk siz ekleyin!

MARC

LEADER 00000cam a2200000 a 4500
001 UCF9731
003 CL-VaPUC
008 131213e19610000uk |||||||||||||||||eng|d
082 0 4 |a 759.493  |b LUC  |2 21 
100 |a Lucie-Smith, Edward  |e autor  |9 597870 
245 1 0 |a Rubens 
250 |a 1a. ed 
300 |a pág. irreg 
942 |c BK 
945 |d 20131213 11:12:00  |a dcastane 
260 |a Londres  |b Spring Books  |c 1961 
600 0 |a Rubens, Pedro Pablo   |d 1577-1640  |9 340397 
650 0 |a Pintura flamenca  |9 319201 
650 7 |a PINTORES FLAMENCOS  |2 CL-VaPUC  |9 572119 
650 0 |a Biografías  |9 255210 
583 |a last modification  |c 20131213 11:12:00  |k Rodrigo Vera 
490 0 |a Spring Art Books 
999 |c 354142  |d 354140 
952 |0 0  |1 0  |3 erd  |4 0  |6 759_493000000000000_LUC_1961  |7 0  |8 R  |9 459802  |a BIBART  |b BIBART  |i 5003288  |o 759.493 LUC 1961  |p 5003288  |r 2025-03-13  |w 2019-11-23  |y BK_R  |z Catalogado en:20131213  |k ART